MARC details
| 000 -LEADER |
| fixed length control field |
02480nam a22003617a 4500 |
| 001 - CONTROL NUMBER |
| control field |
103187 |
| 003 - CONTROL NUMBER IDENTIFIER |
| control field |
KnowledgeUnlatched |
| 005 - DATE AND TIME OF LATEST TRANSACTION |
| control field |
20210303104927.0 |
| 006 - FIXED-LENGTH DATA ELEMENTS--ADDITIONAL MATERIAL CHARACTERISTICS |
| fixed length control field |
m o d |
| 007 - PHYSICAL DESCRIPTION FIXED FIELD--GENERAL INFORMATION |
| fixed length control field |
cr u|||||||||| |
| 008 - FIXED-LENGTH DATA ELEMENTS--GENERAL INFORMATION |
| fixed length control field |
210129p20182019xx o u00| u fre d |
| 037 ## - SOURCE OF ACQUISITION |
| Institution to which field applies |
BiblioBoard |
| 020 ## - INTERNATIONAL STANDARD BOOK NUMBER |
| International Standard Book Number |
9782753574304 |
| 029 1# - OTHER SYSTEM CONTROL NUMBER (OCLC) |
| OCLC library identifier |
https://library.biblioboard.com/ext/api/media/a49843d1-7da2-4b8d-9bb4-423ae89e3c53/assets/thumbnail.jpg |
| 040 ## - CATALOGING SOURCE |
| Original cataloging agency |
ScCtBLL |
| Transcribing agency |
ScCtBLL |
| 245 03 - TITLE STATEMENT |
| Title |
Le Théâtre de Dumas père, entre héritage et renouvellement |
| Statement of responsibility, etc. |
Anne-Marie Callet-Bianco, Sylvain Ledda. |
| 264 #1 - PRODUCTION, PUBLICATION, DISTRIBUTION, MANUFACTURE, AND COPYRIGHT NOTICE |
| Name of producer, publisher, distributor, manufacturer |
Presses universitaires de Rennes, |
| 300 ## - PHYSICAL DESCRIPTION |
| Extent |
1 online resource (255 p.) |
| 506 0# - RESTRICTIONS ON ACCESS NOTE |
| Terms governing access |
Access copy available to the general public. |
| Standardized terminology for access restriction |
Unrestricted |
| Source of term |
star |
| 520 ## - SUMMARY, ETC. |
| Summary, etc. |
"Ce livre part d'un constat: malgré une abondante production, étalée sur près de cinquante ans, le théâtre de Dumas subit aujourd'hui une indéniable éclipse. Or, son auteur a joué un rôle de premier plan dans la «bataille» romantique; il a continué sans interruption d'écrire pour la scène jusqu'à sa mort; refusant l'exclusive, il a pratiqué tous les genres. Il laisse un corpus officiel de soixante-six pièces, en réalité plus de cent si l'on comptabilise les textes non signés mais où sa collaboration est attestée. Cette œuvre s'inscrit dans un héritage, revendiqué ou implicite, de l'Antiquité à la production contemporaine: tragédie classique et néo-classique, comédie d'intrigue et de caractère, scène historique, drame bourgeois, vaudeville, mélodrame, proverbe... Elle en fait un usage complexe, entre emprunts, variations et détournements, en jouant de la contamination entre modèles «nobles» et modèles «mineurs»." |
| 588 0# - SOURCE OF DESCRIPTION NOTE |
| Source of description note |
Description based on print version record. |
| 590 ## - LOCAL NOTE (RLIN) |
| Local note |
OpenEdition Books Select 2018: HSS Frontlist Books |
| 650 #7 - SUBJECT ADDED ENTRY--TOPICAL TERM |
| Topical term or geographic name entry element |
Performing Arts / Theater |
| Source of heading or term |
bisacsh |
| 650 #0 - SUBJECT ADDED ENTRY--TOPICAL TERM |
| Topical term or geographic name entry element |
Performing arts |
| 655 #0 - INDEX TERM--GENRE/FORM |
| Genre/form data or focus term |
Electronic books. |
| 700 1# - ADDED ENTRY--PERSONAL NAME |
| Personal name |
Callet-Bianco, Anne-Marie |
| Relator term |
editor. |
| 700 1# - ADDED ENTRY--PERSONAL NAME |
| Personal name |
Ledda, Sylvain |
| Relator term |
editor. |
| 758 ## - |
| -- |
Is found in: |
| -- |
Knowledge Unlatched |
| -- |
https://openresearchlibrary.org/module/2774bc74-146a-484f-a7ba-ab1d6a09bbfb |
| 856 40 - ELECTRONIC LOCATION AND ACCESS |
| Uniform Resource Identifier |
<a href="https://openresearchlibrary.org/content/a49843d1-7da2-4b8d-9bb4-423ae89e3c53">https://openresearchlibrary.org/content/a49843d1-7da2-4b8d-9bb4-423ae89e3c53</a> |
| Public note |
View this content on Open Research Library. |
| -- |
0 |